| 000 | 01338nam a22003017a 4500 | ||
|---|---|---|---|
| 005 | 20090724135734.0 | ||
| 008 | 090608t xxu||||| |||| 00| j hin d | ||
| 010 | _aHIN-93361 | ||
| 020 |
_a9788174831118 _c175.00 |
||
| 035 | _aHN-65707 | ||
| 037 | _bDBAD / PUB | ||
| 040 |
_aDPL _bHN |
||
| 082 | _a920 | ||
| 100 |
_91372 _aशर्मा, विश्वमित्र |
||
| 245 |
_aभारत-रत्नः _cविश्वमित्र शर्मा _bभारत के सर्वोच्च सम्मान 'भारत रत्न' से सम्मानित विशिष्ट व्यक्तियों का जीवन परिचय / |
||
| 246 |
_aBharat Rayan _bby Vishwamitra Sharma |
||
| 260 |
_aदिल्ली _bशिक्षा भारती _c2010 |
||
| 270 |
_a1590, मदरसा रोड, कश्मीरी गेट _bदिल्ली _e110006 |
||
| 300 |
_a247पृ. _c22सेमी (सजिल्द) |
||
| 650 | _91169 | ||
| 650 | _929837 | ||
| 700 | _929841 | ||
| 700 | _929924 | ||
| 700 | _929925 | ||
| 700 | _929926 | ||
| 942 |
_2ddc _cHN _mशर्मावि _h920 |
||
| 999 |
_c54227 _d54227 |
||